[Event "Seefeld-Casino op 19th"]
[Site "Seefeld/Tirol (5.9.-13.9)"]
[Date "2008.09.10"]
[Round "6.23"]
[White "Schmidt, Juergen(52)"]
[Black "Erhart, Uwe"]
[Result "1/2-1/2"]
[WhiteElo "1921"]
[BlackElo "1954"]
[PlyCount "56"]
[EventDate "2008.09.??"]
[EventType "swiss"]
[EventRounds "9"]
[Source "Ganslmayer"]
[SourceDate "2010.03.14"]

1. e4 c5 2. Nf3 d6 3. d4 cxd4 4. Nxd4 Nf6 5. Nc3 g6 6. Bc4 Bg7 7. Be3 O-O 8. f3
Nc6 9. Qd2 Bd7 10. O-O-O Rc8 11. Bb3 Ne5 12. h4 Nc4 13. Bxc4 Rxc4 14. h5 Nxh5
15. g4 Nf6 16. Kb1 Re8 17. Qh2 Rxc3 18. bxc3 Qa5 19. Nb3 Qxc3 20. Rd3 Qc6 21.
Bd4 Be6 22. Bb2 Bc4 23. Na5 Qb5 24. Nxc4 Qxc4 25. Rc3 Qb5 26. Rb3 Qc6 27. Rc3
Qb5 28. Rb3 Qc6 1/2-1/2

[Event "Seefeld-Casino op 19th"]
[Site "Seefeld/Tirol (5.9.-13.9)"]
[Date "2008.09.10"]
[Round "6.24"]
[White "Schulze, Joachim"]
[Black "Oettinger, Hagen"]
[Result "1-0"]
[WhiteElo "1981"]
[BlackElo "2018"]
[PlyCount "111"]
[EventDate "2008.09.??"]
[EventType "swiss"]
[EventRounds "9"]
[Source "Ganslmayer"]
[SourceDate "2010.03.14"]
[WhiteTeam "Hamburg SF"]
[BlackTeam "Böblingen-HP SC"]

1. e4 Nf6 2. Nc3 d5 3. exd5 Nxd5 4. Bc4 Nxc3 5. Qf3 e6 6. Qxc3 Qf6 7. Qxf6 gxf6
8. d4 Nc6 9. c3 Bd6 10. Be3 Bd7 11. O-O-O O-O-O 12. Ne2 Rhg8 13. g3 Ne7 14.
Rhe1 Bc6 15. Nf4 Bxf4 16. Bxf4 h5 17. h4 Bf3 18. Be2 Bxe2 19. Rxe2 Nd5 20. Bd2
b5 21. Rde1 Rd6 22. b3 Kd7 23. Kb2 Ra6 24. Ra1 f5 25. a4 bxa4 26. Rxa4 Rxa4 27.
bxa4 Rb8+ 28. Ka3 Rb1 29. Re1 Rxe1 30. Bxe1 f4 31. Kb3 fxg3 32. fxg3 Kc6 33. c4
Nb6 34. a5 Nc8 35. Kc3 Kd6 36. Kd3 a6 37. Bb4+ Kd7 38. Ke4 f6 39. d5 Nd6+ 40.
Bxd6 Kxd6 41. dxe6 Kxe6 42. Kf4 f5 43. Kg5 Ke5 44. Kxh5 Kf6 45. g4 f4 46. g5+
Ke5 47. g6 f3 48. g7 f2 49. g8=Q f1=Q 50. Qd5+ Kf6 51. Qd8+ Ke6 52. Qe8+ Kd6
53. Qe4 Qa1 54. Kg6 Qh8 55. Qd5+ Ke7 56. Qf7+ 1-0

[Event "Seefeld-Casino op 19th"]
[Site "Seefeld/Tirol (5.9.-13.9)"]
[Date "2008.09.10"]
[Round "6.25"]
[White "Lins, Philipp"]
[Black "Neubauer, Kai(65)"]
[Result "1/2-1/2"]
[WhiteElo "2008"]
[BlackElo "1981"]
[PlyCount "104"]
[EventDate "2008.09.??"]
[EventType "swiss"]
[EventRounds "9"]
[Source "Ganslmayer"]
[SourceDate "2010.03.14"]

1. Nf3 d5 2. g3 Nf6 3. Bg2 c5 4. d3 Nc6 5. Nbd2 e6 6. O-O Be7 7. e4 O-O 8. c3
b6 9. Re1 Ba6 10. exd5 Nxd5 11. Nb3 Qc7 12. d4 c4 13. Nbd2 b5 14. Ne4 b4 15.
Qc2 h6 16. Be3 Rab8 17. Qc1 Rfc8 18. Bxh6 gxh6 19. Qxh6 Qd8 20. Neg5 Bxg5 21.
Nxg5 Qf6 22. Qh7+ Kf8 23. Qh4 Kg7 24. Qg4 Qg6 25. Be4 Nf6 26. Nxe6+ Kg8 27.
Qxg6+ fxg6 28. Bxg6 bxc3 29. bxc3 Ne7 30. Nc5 Nxg6 31. Nxa6 Rb2 32. Nc5 Rcb8
33. Na4 Rd2 34. Red1 Rc2 35. Rdc1 Rd2 36. Rd1 Rc2 37. Re1 Nd5 38. Rec1 Rd2 39.
Rd1 Rc2 40. Rdc1 Rd2 41. Re1 Rf8 42. f4 Ngxf4 43. gxf4 Rxf4 44. Re5 Rg4+ 45.
Kh1 Rh4 46. Rg5+ Kh7 47. Rg2 Rd3 48. Rc1 Rhh3 49. Rgc2 Ne3 50. Re2 Nd5 51. Rb2
Kh6 52. Rbc2 Ne3 1/2-1/2

[Event "Seefeld-Casino op 19th"]
[Site "Seefeld/Tirol (5.9.-13.9)"]
[Date "2008.09.10"]
[Round "6.26"]
[White "Lundberg, Roland"]
[Black "Becker, Wolfgang(11.58)"]
[Result "1-0"]
[WhiteElo "2045"]
[BlackElo "1778"]
[PlyCount "121"]
[EventDate "2008.09.??"]
[EventType "swiss"]
[EventRounds "9"]
[Source "Ganslmayer"]
[SourceDate "2010.03.14"]

1. c4 e5 2. Nc3 Nf6 3. Nf3 Nc6 4. a3 a5 5. e3 Bc5 6. Qc2 Qe7 7. Bd3 g6 8. b3 d6
9. O-O Bg4 10. Ng5 h6 11. Nge4 Nxe4 12. Bxe4 Be6 13. Bb2 Bb6 14. Na4 f5 15.
Bxc6+ bxc6 16. Nxb6 cxb6 17. f4 Rb8 18. fxe5 d5 19. d3 O-O 20. Rad1 Qf7 21. Qc3
Rfc8 22. e4 Kh7 23. Qd2 Rg8 24. Qe3 Rb7 25. Rf3 Rbb8 26. Rdf1 Qg7 27. Rg3 Qf8
28. Kh1 dxe4 29. dxe4 b5 30. c5 a4 31. b4 Rd8 32. Rgf3 Bc4 33. Re1 Rd3 34. Qf2
Rxf3 35. gxf3 fxe4 36. Rxe4 Bd5 37. Re3 Qf5 38. h4 Rf8 39. Kh2 Bxf3 40. e6 Qf4+
41. Qg3 Qxg3+ 42. Kxg3 Bd5 43. e7 Re8 44. Bf6 Kg8 45. Kf4 Kf7 46. Ke5 Bg2 47.
Re2 Bh3 48. Rd2 Bg4 49. Rf2 h5 50. Rd2 Bh3 51. Rd8 Bg4 52. Kd6 Bf3 53. Bg5 Bd5
54. Kd7 Be6+ 55. Kxc6 Rxe7 56. Bxe7 Kxe7 57. Rd6 g5 58. hxg5 h4 59. Rd4 h3 60.
Rh4 Bd7+ 61. Kb7 1-0

[Event "Seefeld-Casino op 19th"]
[Site "Seefeld/Tirol (5.9.-13.9)"]
[Date "2008.09.10"]
[Round "6.27"]
[White "Grosse, Manfred"]
[Black "Russ, Colin A.H."]
[Result "0-1"]
[WhiteElo "1837"]
[BlackElo "1912"]
[PlyCount "124"]
[EventDate "2008.09.??"]
[EventType "swiss"]
[EventRounds "9"]
[Source "Ganslmayer"]
[SourceDate "2010.03.14"]

1. d4 d5 2. c4 e6 3. Nf3 Nf6 4. Nc3 dxc4 5. e4 c5 6. d5 exd5 7. exd5 a6 8. a4
Bg4 9. Bxc4 Bd6 10. O-O O-O 11. Bg5 h6 12. Bh4 Re8 13. Qd3 Nbd7 14. b3 Bxf3 15.
Qxf3 Ne5 16. Qd1 Ng6 17. Bg3 Qc7 18. Qc2 Re7 19. Rae1 Rae8 20. Rxe7 Rxe7 21.
Bxd6 Qxd6 22. Ne2 Nf4 23. Ng3 g6 24. Rd1 Kg7 25. f3 Re5 26. Qd2 N4h5 27. Ne2
Kh7 28. g4 Ng7 29. Ng3 g5 30. Kf2 b5 31. axb5 axb5 32. Bd3+ Kg8 33. Be4 Nxe4+
34. fxe4 b4 35. Qc2 Qf6+ 36. Kg2 Qd6 37. Qc4 h5 38. gxh5 g4 39. h6 Nh5 40. Nf5
Rxf5 41. exf5 Nf4+ 42. Kh1 Qxh6 43. Rg1 Qg5 44. Qe4 Nh3 45. Rf1 g3 46. Qe8+ Kh7
47. Qxf7+ Kh8 48. Qe8+ Kh7 49. Qg6+ Kh8 50. hxg3 Qd2 51. Qh5+ Kg8 52. Qxh3
Qxd5+ 53. Qg2 Qxb3 54. f6 Qf7 55. Rf5 Qh7+ 56. Kg1 Qxf5 57. Qc6 Kf7 58. Kg2
Qc2+ 59. Kh3 b3 60. Qd6 Qf5+ 61. g4 Qf3+ 62. Kh4 Qxf6+ 0-1

[Event "Seefeld-Casino op 19th"]
[Site "Seefeld/Tirol (5.9.-13.9)"]
[Date "2008.09.10"]
[Round "6.28"]
[White "Handl, Hans"]
[Black "Fischer, Gerd(59)"]
[Result "0-1"]
[WhiteElo "1759"]
[BlackElo "1846"]
[PlyCount "58"]
[EventDate "2008.09.??"]
[EventType "swiss"]
[EventRounds "9"]
[Source "Ganslmayer"]
[SourceDate "2010.03.14"]
[WhiteTeam "AUT/Hak-Innsbruck"]
[BlackTeam "Haßloch SC"]
[WhiteTeamCountry "AUT"]

1. Nf3 c6 2. g3 d5 3. d4 e6 4. Bg2 f5 5. O-O Nf6 6. c3 Bd6 7. Qc2 O-O 8. b3 Qe7
9. c4 b6 10. Bb2 Bb7 11. Nbd2 Ne4 12. Nxe4 dxe4 13. Nd2 c5 14. e3 Nd7 15. f3
exf3 16. Bxf3 Bxf3 17. Nxf3 e5 18. dxe5 Nxe5 19. Nxe5 Bxe5 20. Bxe5 Qxe5 21.
Rae1 Rae8 22. Qf2 g6 23. Qf4 Rf7 24. Qg5 Qg7 25. Rf2 Rfe7 26. Rfe2 Re5 27. Rd2
h6 28. Rd7 hxg5 29. Rxg7+ Kxg7 0-1

[Event "Seefeld-Casino op 19th"]
[Site "Seefeld/Tirol (5.9.-13.9)"]
[Date "2008.09.10"]
[Round "6.29"]
[White "Gerhards, Walter"]
[Black "Loew, Bernd"]
[Result "1-0"]
[WhiteElo "1849"]
[BlackElo "1498"]
[PlyCount "51"]
[EventDate "2008.09.??"]
[EventType "swiss"]
[EventRounds "9"]
[Source "Ganslmayer"]
[SourceDate "2010.03.14"]
[WhiteTeamCountry "AUT"]

1. e4 b6 2. d4 e6 3. c4 Bb7 4. Qc2 Nf6 5. Bd3 Nc6 6. d5 Nb4 7. Qe2 Nxd3+ 8.
Qxd3 Be7 9. Nf3 O-O 10. O-O d6 11. Nd4 Qd7 12. Nc3 e5 13. Nf5 Kh8 14. f4 Ng8
15. fxe5 dxe5 16. Rf3 Bc5+ 17. Kh1 g6 18. Nh6 Nxh6 19. Bxh6 Rg8 20. Rf6 Bf8 21.
Qe3 Bg7 22. Bxg7+ Kxg7 23. Raf1 Raf8 24. Qg5 Ba6 25. Qxe5 Kh6 26. R1f4 1-0

[Event "Seefeld-Casino op 19th"]
[Site "Seefeld/Tirol (5.9.-13.9)"]
[Date "2008.09.10"]
[Round "6.30"]
[White "Wiesbeck, Florian"]
[Black "Dallmeier, Gerhard"]
[Result "1-0"]
[WhiteElo "1887"]
[BlackElo "1693"]
[PlyCount "169"]
[EventDate "2008.09.??"]
[EventType "swiss"]
[EventRounds "9"]
[Source "Ganslmayer"]
[SourceDate "2010.03.14"]
[WhiteTeam "AUT/Moosburg SV"]
[BlackTeam "Weissenfels-Roland SK"]
[WhiteTeamCountry "AUT"]

1. d4 Nf6 2. c4 g6 3. Nc3 Bg7 4. e4 d6 5. f3 O-O 6. Be3 Na6 7. Qd2 Qe8 8. Bd3
e5 9. Nge2 Nd7 10. O-O f5 11. Bh6 f4 12. Bxg7 Kxg7 13. g3 g5 14. g4 Nf6 15. h3
Nb4 16. Nd5 Nfxd5 17. cxd5 Nxd3 18. Qxd3 h5 19. Kg2 Bd7 20. Nc3 Rh8 21. Rh1
hxg4 22. hxg4 Rh4 23. Rxh4 gxh4 24. Rh1 Qe7 25. Kh3 Qe8 26. dxe5 dxe5 27. Qd2
Qe7 28. Ne2 Qc5 29. Qc3 Qxc3 30. Nxc3 Rf8 31. Rc1 Kg6 32. Nd1 Rf7 33. Nf2 Bb5
34. Kg2 a6 35. b3 Be8 36. Nd3 Re7 37. Nc5 h3+ 38. Kxh3 Rh7+ 39. Kg2 c6 40. dxc6
Bxc6 41. Rh1 Rxh1 42. Kxh1 Kf6 43. Kg2 a5 44. a3 b6 45. Nd3 Bb5 46. Nc1 Kg5 47.
Kf2 Kh4 48. Na2 Bd3 49. Nc3 b5 50. b4 axb4 51. axb4 Bc4 52. Nd5 Kg5 53. Ne7 Kf6
54. Nf5 Bd3 55. Ke1 Kg5 56. Kd2 Bf1 57. Ne7 Bc4 58. Nc6 Kf6 59. Na5 Bf1 60. Nb3
Bc4 61. Nc5 Ke7 62. Nd3 Ke6 63. Nc1 Kf6 64. Ke1 Kg5 65. Ne2 Kf6 66. Kf2 Kg5 67.
Ng1 Kh4 68. Kg2 Bd3 69. Nh3 Bc4 70. Ng1 Kg5 71. Kf2 Kh4 72. Ne2 Kg5 73. Nc3 Kg6
74. Nb1 Bd3 75. Nd2 Kg5 76. Nb3 Bc4 77. Nc5 Kf6 78. Kg2 Bf7 79. Kh3 Bc4 80. Kh4
Be2 81. g5+ Ke7 82. Kg4 Kf7 83. Kf5 Bxf3 84. Kxe5 Bg4 85. Kxf4 1-0

[Event "Seefeld-Casino op 19th"]
[Site "Seefeld/Tirol (5.9.-13.9)"]
[Date "2008.09.10"]
[Round "6.31"]
[White "Kliem, Klaus-Peter"]
[Black "Schett, Franz"]
[Result "1/2-1/2"]
[WhiteElo "1662"]
[BlackElo "1621"]
[PlyCount "90"]
[EventDate "2008.09.??"]
[EventType "swiss"]
[EventRounds "9"]
[Source "Ganslmayer"]
[SourceDate "2010.03.14"]
[WhiteTeamCountry "AUT"]

1. d4 d5 2. Nf3 c6 3. g3 Nf6 4. Bg2 g6 5. O-O Bg7 6. Nbd2 O-O 7. c4 Nbd7 8.
cxd5 cxd5 9. b3 e6 10. Bb2 b6 11. Rc1 Bb7 12. Ne5 Rc8 13. Ndf3 Ne4 14. Nxd7
Qxd7 15. Ne5 Qd6 16. f3 Nf6 17. Qd3 Bh6 18. e3 Rfd8 19. Rxc8 Bxc8 20. e4 Bb7
21. Nxf7 Kxf7 22. e5 Qe7 23. exf6 Qxf6 24. Re1 Rc8 25. Bh3 Rc6 26. f4 Bc8 27.
a4 Bf8 28. Re2 Qd8 29. Rc2 Ba6 30. Qd1 Qc8 31. Rxc6 Qxc6 32. Qc1 Qd6 33. Bf1
Bxf1 34. Kxf1 a5 35. Qc8 h5 36. Qc2 Be7 37. Kg2 Qb4 38. Qc3 Qd6 39. Qc2 Qd7 40.
Qc1 b5 41. Ba3 bxa4 42. Bxe7 Qxe7 43. bxa4 Qb4 44. Qc7+ Kf6 45. Qe5+ Kf7
1/2-1/2

[Event "Seefeld-Casino op 19th"]
[Site "Seefeld/Tirol (5.9.-13.9)"]
[Date "2008.09.10"]
[Round "6.32"]
[White "Ganslmayer, Herbert"]
[Black "Perkmann, Gottfried"]
[Result "1/2-1/2"]
[WhiteElo "1724"]
[BlackElo "1801"]
[PlyCount "145"]
[EventDate "2008.09.??"]
[EventType "swiss"]
[EventRounds "9"]
[Source "Ganslmayer"]
[SourceDate "2010.03.14"]
[WhiteTeamCountry "AUT"]

1. e4 e6 2. d3 d5 3. Nd2 Nf6 4. Ngf3 c5 5. g3 Nc6 6. Bg2 Be7 7. O-O O-O 8. Nh4
d4 9. f4 e5 10. f5 Qc7 11. g4 Nxe4 12. Ndf3 Nd6 13. Qe1 Re8 14. Ng5 Qd8 15.
Nhf3 h6 16. Ne4 Nxe4 17. Qxe4 Bf6 18. Bd2 Bd7 19. h4 Bxh4 20. Nxh4 Qxh4 21. Rf3
Qf6 22. g5 hxg5 23. Qg4 g6 24. Bxg5 gxf5 25. Qh4 Qh8 26. Bh6 f4 27. Qg5+ Kh7
28. Rh3 Bxh3 29. Bxh3 Rg8 30. Bf5+ Rg6 31. Kf2 Qd8 32. Bxg6+ fxg6 33. Rh1 Qxg5
34. Bxg5+ Kg7 35. a3 Nd8 36. Kf3 Nf7 37. Be7 b6 38. Ke4 Re8 39. Bh4 Re6 40. Rg1
a6 41. a4 a5 42. c4 dxc3 43. bxc3 Rd6 44. Rd1 g5 45. Bf2 Kg6 46. d4 exd4 47.
cxd4 cxd4 48. Bxd4 Re6+ 49. Kd5 Rd6+ 50. Ke4 Nd8 51. Rb1 Kf7 52. Bxb6 Nc6 53.
Rb5 Kg6 54. Bc5 Rd1 55. Rb6 Re1+ 56. Kd5 Ra1 57. Rxc6+ Kf5 58. Bd4 Rxa4 59. Bc3
Ra2 60. Rc5 a4 61. Kd4+ Kg4 62. Kd3 Rg2 63. Bf6 Rg3+ 64. Ke2 Kh5 65. Kf2 a3 66.
Ra5 Kg6 67. Bxg5 Rxg5 68. Rxa3 Kf5 69. Ra1 Rg3 70. Ra8 Kg4 71. Rg8+ Kh3 72.
Rh8+ Kg4 73. Rg8+ 1/2-1/2

[Event "Seefeld-Casino op 19th"]
[Site "Seefeld/Tirol (5.9.-13.9)"]
[Date "2008.09.10"]
[Round "6.33"]
[White "Breedveld-Schut, Carmen"]
[Black "Werner, Bernd(56)"]
[Result "0-1"]
[WhiteElo "1204"]
[BlackElo "1721"]
[PlyCount "100"]
[EventDate "2008.09.??"]
[EventType "swiss"]
[EventRounds "9"]
[Source "Ganslmayer"]
[SourceDate "2010.03.14"]
[WhiteTeamCountry "AUT"]

1. d4 Nf6 2. Bf4 g6 3. Nf3 Bg7 4. e3 O-O 5. Bc4 d5 6. Bd3 Bg4 7. O-O Nbd7 8. h3
Bxf3 9. Qxf3 c6 10. Nd2 Re8 11. Rfe1 e5 12. dxe5 Nxe5 13. Qd1 Nh5 14. Bh2 Qd7
15. Be2 Nf6 16. f4 Nc4 17. Bxc4 dxc4 18. Nxc4 Qe6 19. b3 Rad8 20. Qf3 Ne4 21.
Rad1 Bc3 22. Rf1 f5 23. Bg3 b5 24. Rxd8 Rxd8 25. Ne5 Bxe5 26. fxe5 Rd2 27. Be1
Rxc2 28. g4 Qxe5 29. Qf4 Qxf4 30. exf4 Rxa2 31. Bb4 c5 32. Be1 a5 33. Rf3 c4
34. gxf5 gxf5 35. h4 Ra3 36. Kg2 Rxb3 37. Bxa5 Rxf3 38. Kxf3 c3 39. Ke3 Kf7 40.
Kd3 Kg6 41. Bxc3 Nxc3 42. Kxc3 Kh5 43. Kb4 Kxh4 44. Kxb5 Kg4 45. Kc5 Kxf4 46.
Kd4 Kf3 47. Ke5 f4 48. Kf5 Ke3 49. Kg4 f3 50. Kg3 Ke2 0-1

[Event "Seefeld-Casino op 19th"]
[Site "Seefeld/Tirol (5.9.-13.9)"]
[Date "2008.09.10"]
[Round "6.34"]
[White "Duric, Rajko"]
[Black "Aab, Manfred"]
[Result "1/2-1/2"]
[WhiteElo "1694"]
[BlackElo "1532"]
[PlyCount "112"]
[EventDate "2008.09.??"]
[EventType "swiss"]
[EventRounds "9"]
[Source "Ganslmayer"]
[SourceDate "2010.03.14"]
[WhiteTeamCountry "AUT"]

1. e4 Nf6 2. Nc3 e5 3. Nf3 Nc6 4. Bc4 Bb4 5. d3 d6 6. a3 Bxc3+ 7. bxc3 O-O 8.
O-O Qe7 9. h3 Be6 10. Bb3 Bxb3 11. cxb3 Nd8 12. a4 c5 13. Nh2 Ne6 14. Be3 a5
15. g3 Nd7 16. f4 exf4 17. gxf4 f5 18. Qf3 fxe4 19. dxe4 Ng5 20. Qg4 Nxe4 21.
Rae1 Ndf6 22. Qg2 Qf7 23. c4 Rae8 24. Bc1 d5 25. Ng4 Nxg4 26. hxg4 Nc3 27. cxd5
Rxe1 28. Rxe1 Nxd5 29. Re4 Nb4 30. Rc4 b6 31. f5 Rd8 32. Bd2 Qd7 33. Bg5 Re8
34. Re4 Rxe4 35. Qxe4 Qd4+ 36. Qxd4 cxd4 37. Bd8 Nd5 38. Kf1 Kf7 39. Ke1 Ke8
40. Bg5 Kd7 41. Kd2 Nb4 42. Bf4 Nc6 43. Kd3 g6 44. fxg6 hxg6 45. g5 Ke6 46. Ke4
Kd7 47. Bg3 Ne7 48. Be5 Nf5 49. Bxd4 Nxd4 50. Kxd4 Kd6 51. Kc4 Kc6 52. b4 axb4
53. Kxb4 Kc7 54. Kc3 Kd6 55. Kd4 Ke6 56. Ke4 Kd6 1/2-1/2

[Event "Seefeld-Casino op 19th"]
[Site "Seefeld/Tirol (5.9.-13.9)"]
[Date "2008.09.10"]
[Round "6.35"]
[White "Egger, Herbert"]
[Black "Rudolph, Joachim"]
[Result "1/2-1/2"]
[WhiteElo "1698"]
[BlackElo "1578"]
[PlyCount "81"]
[EventDate "2008.09.??"]
[EventType "swiss"]
[EventRounds "9"]
[Source "Ganslmayer"]
[SourceDate "2010.03.14"]
[WhiteTeamCountry "AUT"]

1. e4 e6 2. d4 d5 3. e5 c5 4. c3 Nc6 5. Nf3 Bd7 6. Be2 cxd4 7. cxd4 Nge7 8. O-O
Ng6 9. a3 Be7 10. Nc3 O-O 11. h3 a6 12. Bd3 Qe8 13. Ne2 f5 14. exf6 Bxf6 15.
Bxg6 Qxg6 16. Nf4 Qf7 17. Be3 Rac8 18. Rc1 Rfe8 19. Nd3 b6 20. b4 Qe7 21. Nde5
Bxe5 22. dxe5 Rb8 23. Qd3 Na7 24. Ng5 g6 25. Rfe1 Bb5 26. Qd4 Nc6 27. Qf4 Bc4
28. Nf3 Rf8 29. Qh4 Qxh4 30. Nxh4 Rfe8 31. Nf3 Ne7 32. g4 Nc6 33. Kg2 Rb7 34.
Bg5 b5 35. Bf6 Rc7 36. Red1 Rb7 37. Nd4 Nxd4 38. Rxd4 Rc8 39. f4 Rbc7 40. f5
Kf7 41. h4 1/2-1/2

[Event "Seefeld-Casino op 19th"]
[Site "Seefeld/Tirol (5.9.-13.9)"]
[Date "2008.09.10"]
[Round "6.36"]
[White "Lettenbichler, Marco"]
[Black "Bretscher, Robert"]
[Result "1/2-1/2"]
[WhiteElo "1508"]
[BlackElo "1546"]
[PlyCount "45"]
[EventDate "2008.09.??"]
[EventType "swiss"]
[EventRounds "9"]
[Source "Ganslmayer"]
[SourceDate "2010.03.14"]
[WhiteTeamCountry "AUT"]

1. e4 e5 2. Nc3 Nf6 3. g3 Be7 4. Bg2 d6 5. Nge2 Nc6 6. O-O O-O 7. h3 Rb8 8. Kh2
h6 9. d3 Nh7 10. f4 exf4 11. Bxf4 Bg5 12. Qd2 a6 13. Nd5 Be6 14. Ne3 Qd7 15.
Bxg5 hxg5 16. Nf5 f6 17. Ned4 Nxd4 18. Nxd4 Bf7 19. Qa5 Rfe8 20. Qf5 Qd8 21. a3
Re5 22. Qf2 Nf8 23. Rab1 1/2-1/2

[Event "Seefeld-Casino op 19th"]
[Site "Seefeld/Tirol (5.9.-13.9)"]
[Date "2008.09.10"]
[Round "6.37"]
[White "Michel, Jan"]
[Black "Aufmwasser, Guenter"]
[Result "1-0"]
[WhiteElo "1481"]
[BlackElo "1553"]
[PlyCount "165"]
[EventDate "2008.09.??"]
[EventType "swiss"]
[EventRounds "9"]
[Source "Ganslmayer"]
[SourceDate "2010.03.14"]
[WhiteTeamCountry "AUT"]

1. e4 e5 2. Nc3 Nf6 3. Bc4 d6 4. Be2 Nc6 5. d3 Be6 6. Bg5 h6 7. Bxf6 Qxf6 8. a3
Nd4 9. b3 Nxe2 10. Ngxe2 c6 11. h3 Qd8 12. O-O Be7 13. d4 O-O 14. d5 Bd7 15.
Kh1 f5 16. exf5 Bxf5 17. b4 Qe8 18. Ng3 Qg6 19. Nxf5 Qxf5 20. Qe2 Rac8 21. dxc6
bxc6 22. Ne4 d5 23. Ng3 Qg5 24. c4 Bd6 25. c5 Bb8 26. Qg4 Qe7 27. Nf5 Qf6 28.
Ne3 e4 29. Nc2 Qe5 30. g3 Rce8 31. Rad1 Rf3 32. Nd4 Rf6 33. Qe2 Qg5 34. Qg4
Qxg4 35. hxg4 Be5 36. Nb3 Ref8 37. Kg2 Rd8 38. Rfe1 Bc7 39. a4 Rf3 40. Nd4 Rf6
41. b5 cxb5 42. Nxb5 Ba5 43. Re2 a6 44. Nd4 Bc3 45. Nf5 Kf8 46. Rxe4 Rxf5 47.
gxf5 d4 48. Rd3 Rd5 49. c6 Rc5 50. g4 Rxc6 51. Re6 Rxe6 52. fxe6 Ke7 53. Kf3
Kxe6 54. Ke4 Kf6 55. Rf3+ Kg6 56. Rf5 a5 57. f3 Kh7 58. Rf7 Kg6 59. Rd7 Kf6 60.
Rxd4 Bxd4 61. Kxd4 Kg5 62. Kc5 Kf4 63. Kb5 Kxf3 64. Kxa5 Kxg4 65. Kb6 h5 66. a5
h4 67. a6 h3 68. a7 Kg3 69. a8=Q g5 70. Qe4 g4 71. Kc5 h2 72. Kd4 Kh3 73. Ke3
g3 74. Qf3 Kh4 75. Qg2 Kg4 76. Qf3+ Kh4 77. Qg2 Kg4 78. Ke2 Kf4 79. Qh3 Ke4 80.
Kf1 Kf3 81. Qg2+ Kg4 82. Ke2 Kh4 83. Kf3 1-0

[Event "Seefeld-Casino op 19th"]
[Site "Seefeld/Tirol (5.9.-13.9)"]
[Date "2008.09.10"]
[Round "6.38"]
[White "Verwer, Renzo"]
[Black "Bangert, Ruediger"]
[Result "1-0"]
[WhiteElo "1522"]
[BlackElo "1461"]
[PlyCount "65"]
[EventDate "2008.09.??"]
[EventType "swiss"]
[EventRounds "9"]
[Source "Ganslmayer"]
[SourceDate "2010.03.14"]
[WhiteTeam "NED(Niederlande)"]
[BlackTeam "Erlangen-Siemens SG"]
[WhiteTeamCountry "NED"]

1. d4 Nf6 2. Nf3 g6 3. Bf4 Bg7 4. e3 O-O 5. h4 d6 6. Bd3 Bg4 7. c3 e5 8. dxe5
dxe5 9. Bxe5 Qd5 10. Bxc7 Nc6 11. Na3 Rac8 12. Bh2 Rcd8 13. Be2 Qh5 14. Nd4
Nxd4 15. cxd4 Qxh4 16. Bf3 Ne4 17. g3 Qh5 18. Bxg4 Qa5+ 19. Kf1 f5 20. Be2 Qb4
21. Qb3+ Qxb3 22. axb3 Nd2+ 23. Kg2 Nxb3 24. Bc4+ Kh8 25. Bxb3 g5 26. g4 f4 27.
Nc4 b5 28. Ne5 Bxe5 29. dxe5 fxe3 30. e6 Rxf2+ 31. Kg1 Rdd2 32. Be5+ Kg8 33.
e7+ 1-0

[Event "Seefeld-Casino op 19th"]
[Site "Seefeld/Tirol (5.9.-13.9)"]
[Date "2008.09.10"]
[Round "6.39"]
[White "Senn, Othmar"]
[Black "Abraham, Helmut"]
[Result "1-0"]
[WhiteElo "1653"]
[BlackElo "1352"]
[PlyCount "91"]
[EventDate "2008.09.??"]
[EventType "swiss"]
[EventRounds "9"]
[Source "Ganslmayer"]
[SourceDate "2010.03.14"]
[WhiteTeamCountry "NED"]

1. d4 Nf6 2. c4 d5 3. Nc3 g6 4. e3 Bg7 5. Nf3 O-O 6. Bd3 c6 7. O-O Nbd7 8. Qc2
Re8 9. cxd5 cxd5 10. Nb5 Rf8 11. b3 a6 12. Nc3 Re8 13. Bd2 e5 14. Be2 e4 15.
Ne1 b5 16. f3 Nb6 17. fxe4 Nxe4 18. Nxe4 Rxe4 19. Nf3 Bb7 20. Bd3 Re6 21. Rac1
Nd7 22. Qc7 Qc8 23. Qxc8+ Bxc8 24. Rc7 Nf6 25. Ng5 Rd6 26. Rfc1 Be6 27. Nxe6
fxe6 28. Rc8+ Rxc8 29. Rxc8+ Kf7 30. Bb4 Rd7 31. h3 Ne8 32. Ba5 e5 33. Bb6 e4
34. Be2 Nd6 35. Ra8 Bh6 36. Rxa6 Bxe3+ 37. Kf1 Nf5 38. Bxb5 Rb7 39. Bc6 Ng3+
40. Ke1 Rxb6 41. Rxb6 Bxd4 42. Bxd5+ Ke7 43. Rc6 e3 44. Bf3 Kd7 45. Rc4 Bb2 46.
a4 1-0

[Event "Seefeld-Casino op 19th"]
[Site "Seefeld/Tirol (5.9.-13.9)"]
[Date "2008.09.11"]
[Round "7.1"]
[White "Van der Weide, Karel"]
[Black "Bronznik, Valeri"]
[Result "1/2-1/2"]
[WhiteElo "2415"]
[BlackElo "2306"]
[PlyCount "105"]
[EventDate "2008.09.??"]
[EventType "swiss"]
[EventRounds "9"]
[Source "Ganslmayer"]
[SourceDate "2010.03.14"]
[WhiteTeamCountry "NED"]

1. e4 c5 2. Nf3 Nc6 3. d4 cxd4 4. Nxd4 Nf6 5. Nc3 e5 6. Ndb5 d6 7. Bg5 a6 8.
Na3 b5 9. Bxf6 gxf6 10. Nd5 Bg7 11. Bd3 Ne7 12. Nxe7 Qxe7 13. c3 f5 14. O-O O-O
15. Nc2 f4 16. a4 bxa4 17. Rxa4 Qg5 18. Qe2 Bf6 19. Rfa1 Bd8 20. Ne1 a5 21. b4
Bb6 22. bxa5 Bc5 23. Qd2 Kh8 24. Bf1 Bd7 25. Rb4 Bc6 26. a6 f5 27. exf5 e4 28.
Kh1 e3 29. Qd3 Rf6 30. fxe3 fxe3 31. Nf3 Bxf3 32. gxf3 e2 33. Bg2 Bxb4 34. cxb4
Re8 35. Re1 Qxf5 36. Qxf5 Rxf5 37. f4 d5 38. a7 Ra8 39. Rxe2 Rxa7 40. h3 Rb7
41. Rd2 Rxb4 42. Rxd5 Rxd5 43. Bxd5 Rxf4 44. Kg2 Kg7 45. Kg3 Rd4 46. Ba2 Kf6
47. Bb1 h6 48. h4 h5 49. Kh3 Rb4 50. Bc2 Rc4 51. Bd1 Rc3+ 52. Kg2 Rc5 53. Kg3
1/2-1/2

[Event "Seefeld-Casino op 19th"]
[Site "Seefeld/Tirol (5.9.-13.9)"]
[Date "2008.09.11"]
[Round "7.2"]
[White "Goy, Udo"]
[Black "Mueller, Ralf(03.69)"]
[Result "1/2-1/2"]
[WhiteElo "2143"]
[BlackElo "2374"]
[PlyCount "55"]
[EventDate "2008.09.??"]
[EventType "swiss"]
[EventRounds "9"]
[Source "Ganslmayer"]
[SourceDate "2010.03.14"]
[WhiteTeamCountry "NED"]

1. e4 c5 2. Nf3 d6 3. d3 g6 4. g3 Bg7 5. Bg2 Nc6 6. O-O e5 7. Nbd2 Nge7 8. a4
O-O 9. Nc4 h6 10. Nh4 g5 11. Nf3 Be6 12. h4 f6 13. Bd2 Qd7 14. Kh2 Rad8 15. Rh1
g4 16. Ne1 d5 17. exd5 Bxd5 18. Bxd5+ Nxd5 19. Rf1 f5 20. c3 Kh8 21. Qe2 Rde8
22. Rd1 f4 23. Nc2 Nd4 24. cxd4 exd4 25. Be3 dxe3 26. fxe3 f3 27. Qd2 b5 28.
axb5 1/2-1/2

[Event "Seefeld-Casino op 19th"]
[Site "Seefeld/Tirol (5.9.-13.9)"]
[Date "2008.09.11"]
[Round "7.3"]
[White "Gatterer, Florian"]
[Black "Herbold, Manfred"]
[Result "1/2-1/2"]
[WhiteElo "2228"]
[BlackElo "2115"]
[PlyCount "33"]
[EventDate "2008.09.??"]
[EventType "swiss"]
[EventRounds "9"]
[Source "Ganslmayer"]
[SourceDate "2010.03.14"]
[WhiteTeam "Böblingen-HP SC"]
[BlackTeam "Ludwigshafen Schachhaus"]

1. c4 Nc6 2. g3 d5 3. Bg2 d4 4. d3 e5 5. a3 a5 6. b3 Nf6 7. Nf3 h6 8. O-O Bc5
9. Nbd2 O-O 10. Ne1 Bf5 11. h3 Re8 12. Ne4 Bf8 13. Rb1 Nxe4 14. dxe4 Be6 15.
Qc2 Qd7 16. Kh2 b6 17. Nd3 1/2-1/2